| 000 | 00720nam a2200253Ia 4500 | ||
|---|---|---|---|
| 003 | OSt | ||
| 005 | 20240821094854.0 | ||
| 006 | a|||||r|||| 00| 0 | ||
| 007 | ta | ||
| 008 | 220927b |||||||| |||| 00| 0 eng d | ||
| 020 | _cINR 150.00 | ||
| 024 | _a138076 | ||
| 037 |
_b102, 15/03/2018, Eastern Media _cTextual |
||
| 040 |
_aSDCL _cSDCL _beng |
||
| 041 |
_2eng _aeng |
||
| 082 | _aX:8, Q7 LR | ||
| 100 | _aCarnegie Dale | ||
| 245 | 0 | _aHow to stop worrying and start living | |
| 260 |
_aNew Delhi _bFingerprint classic _c2017 |
||
| 300 |
_a368p. _ccm. |
||
| 650 | _aReference | ||
| 942 |
_hX:8, Q7 LR _cGB _2CC |
||
| 999 |
_c731746 _d731746 |
||